Εθνη και εθνικισμός από το 1780 μέχρι σήμερα : πρόγραμμα, μύθος, πραγματικότητα

Αποθηκεύτηκε σε:
Λεπτομέρειες βιβλιογραφικής εγγραφής
Κύριος συγγραφέας: Hobsbawm, E. J. (Eric J.), 1917-2012
Άλλοι συγγραφείς: Νάντρις, Χρύσα (trlf)
Μορφή: Βιβλίο
Γλώσσα:Greek
English
Δημοσίευση: Αθήνα : Καρδαμίτσα, 1994.
Θέματα:
Ετικέτες: Προσθήκη ετικέτας
Δεν υπάρχουν, Καταχωρήστε ετικέτα πρώτοι!

MARC

LEADER 00000cam a2200000 i 4500
001 1/88255
008 950131s1994 gr | ||| |||| ||gre||
020 |a 9607262832 
035 |a 1997  |b 3  |c Χιωτάκης  |l 10035455 
035 |a 1998  |b 1  |c ΚΠΣ/ΔΕ 
040 |a GR-MyUA  |b gre  |e AACR2 
041 1 |a gre  |h eng 
082 0 |a 320.54 
100 1 |a Hobsbawm, E. J.   |q (Eric J.),   |d 1917-2012. 
245 1 0 |a Εθνη και εθνικισμός από το 1780 μέχρι σήμερα :   |b πρόγραμμα, μύθος, πραγματικότητα /   |c E.J. Hobsbawm ; μετάφραση Χρυσ. Νάντρις.  
260 |a Αθήνα :   |b Καρδαμίτσα,   |c 1994.  
300 |a 279 σ. :   |b χαρτ. ;  
504 |a Περιέχει ευρετήριο.  
650 0 0 |a Nationalism  |x History. 
700 1 |a Νάντρις, Χρύσα,  |e trlf 
765 0 8 |i Μετάφραση του:   |t Nations and nationalism since 1780 :  
852 |a INST  |b LESVOS  |e 19950512  |h 320.54 HOB  |p 005100000906  |q 005100000906  |t BK  |y 0 
852 |a INST  |b LESVOS  |e 19950131  |h 320.54 HOB  |p 005100003098  |q 005100003098  |t BK  |y 0 
852 |a INST  |b LESVOS  |e 19950131  |h 320.54 HOB  |p 005100003099  |q 005100003099  |t BK  |y 0 
852 |a INST  |b RHODES  |e 19980522  |h 320.54 HOB  |p 005400006526  |q 005400006526  |t BK  |y 0 
852 |a INST  |b RHODES  |e 19980401  |h 320.54 HOB  |p 005400010832  |q 005400010832  |t BK  |y 0 
901 |a BIBL-1998-1 
909 |a Ρ  |b 054264 
909 |a Ρ  |b 048897 
909 |a Λ  |b 036987